• 首页
  • 本馆介绍
  • 公告通知
  • 最新文献
  • 馆藏检索
  • 电子资源
  • 读者导购
  • 参考咨询
  • 我的图书馆
  • 登录
  • 详细信息显示
  • 放入我的书架
  • 预约/预借图书
  • 作者相关作品
  • 分类相关作品
  • 丛书相关作品
  • 出版社相关作品

书目信息

  • 表格格式
  • 工作单格式
  • 卡片格式
题名:
手语歌曲鉴赏与表达
    
 
作者: 刘丽英 主编
分册:  
出版信息: 南京   南京大学出版社  2016
页数: 236页
开本: 23cm
丛书名:
单 册:
中图分类: H026.3 , J614.5
科图分类:
主题词: 手势语--shou shi yu--歌曲作法 , 手势语--shou shi yu--歌曲--作品集--世界
电子资源:
ISBN: 978-7-305-16895-6
000 01199nam0 22002651 450
001 0122100628
005 20170322100628.0
010    @a978-7-305-16895-6@dCNY35.00
100    @a20160920d2016 em y0chiy50 ea
101 0  @achi
102    @aCN@b320000
105    @aag z 000yy
106    @ar
200 1  @a手语歌曲鉴赏与表达@9shou yu ge qu jian shang yu biao da@dSign language songs appreciation and expression@f刘丽英主编@zeng
210    @a南京@c南京大学出版社@d2016
215    @a236页@c照片@d23cm
330    @a本书主要包括手语歌曲举要、手语歌曲创编、手语歌曲表达、手语歌曲鉴赏与表达四章、两大部分。第一部分主要论及手语歌曲基础知识,手语歌曲特征,手语歌曲艺术特点,手语歌曲主要价值,手语歌曲创编要领,手语歌曲表现技能,手语歌曲表达规范等。第二部分含中国歌曲和外国歌曲共三十六首,内容包括音乐爱好者耳熟能详的关爱、祝福歌曲;感恩、励志歌曲;爱国、爱家歌曲等。
510 1  @aSign language songs appreciation and expression@zeng
606 0  @a手势语@9shou shi yu@x歌曲作法
606 0  @a手势语@9shou shi yu@x歌曲@x作品集@y世界
690    @aH026.3@v5
690    @aJ614.5@v5
701  0 @a刘丽英@9liu li ying@c(女)@4主编
801  0 @aCN@bTANGWEI@c20170308
905    @b0958350-3@dH026.3@e207@f4
    
    手语歌曲鉴赏与表达=Sign language songs appreciation and expression/刘丽英主编.-南京:南京大学出版社,2016
    236页:照片;23cm
    
    
    ISBN 978-7-305-16895-6:CNY35.00
    本书主要包括手语歌曲举要、手语歌曲创编、手语歌曲表达、手语歌曲鉴赏与表达四章、两大部分。第一部分主要论及手语歌曲基础知识,手语歌曲特征,手语歌曲艺术特点,手语歌曲主要价值,手语歌曲创编要领,手语歌曲表现技能,手语歌曲表达规范等。第二部分含中国歌曲和外国歌曲共三十六首,内容包括音乐爱好者耳熟能详的关爱、祝福歌曲;感恩、励志歌曲;爱国、爱家歌曲等。
●
相关链接 在E读中查询图书 在五车中查询图书 在当当中查询图书 在豆瓣中查询图书


正题名:手语歌曲鉴赏与表达     索取号:H026.3/207         预约/预借

序号 登录号 条形码 馆藏地/架位号 状态 备注
1 0958350   209583501   第二样本阅览室/ [索取号:H026.3/207] 在馆    
2 0958351   209583510   第四借阅区/ [索取号:H026.3/207] 在馆    
3 0958352   209583529   第四借阅区/ [索取号:H026.3/207] 在馆    
4 0958353   209583538   第四借阅区/ [索取号:H026.3/207] 在馆    
唐山师范学院图书馆 欢迎您!
大连网信软件有限公司© 版权所有